16 textes de français - Statistiques

Statistiques générales
  • Ce quiz a été pris 1 fois
  • Le résultat moyen est 1 sur 16
Statistiques - réponses
Texte Problématique Mvmt 1 Mvmt 2 Mvmt 3 % Correct
La Cour du Lion En quoi cette Fable démontre t elle l'hypocrisie de la cour ? l'invitation du Roi la cruauté du Roi la morale explicite au lecteur
100%
Le dénouement Comment cette scène met elle en évidence que les jeux du coeur et de la parole, dépassant le simple badinage, ne pouvaient que mener à une issue tragique ? le regret des deux jeunes gens la déclaration d'amour, scène lyrique un coup de théâtre tragique
0%
Arrias Comment l'auteur ridiculise t il Arrias ? l'attitude d'Arrias en société l'humiliation d'Arrias x
0%
Phèdre Comment Phèdre est elle amenée à révéler malgré elle cette passion secrète ? un portait élogieux déclaration implicite de véritables aveux
0%
Le dormeur du Val Comment Rimbaud nous transmet t il son dégoût des combats ? description de l'environnement prétendu sommeil du soldat chute du poème
0%
La mort de manon En quoi ce passage illustre t il l'ironie du destin ? un récit difficile la révélation de la mort de manon le désespoir de DG
0%
Enfant de la ville En quoi ce texte exprime t il un désir de liberté ? Description de la ville, bruyante et animée Eloge de la ville, sublimation fin, effervescence de la ville
0%
Les effarés En quoi ce texte illustre t il l'engagement du jeune poète contre l'injustice sociale? contraste entre les enfants et le boulanger la chaleur du pain retour à la réalité
0%
La rencontre En quoi cette rencontre est elle romanesque ? le cadre de la rencontre le coup de foudre une rencontre déterminante
0%
Phédon En quoi Phédon incarne t il la comédie sociale ? portait physique et moral (éthopée) un être invisible à la cour un être à part
0%
Quasimodo En quoi Q est il un personnage complexe la description du visage de quasimodo une monstruosité spectaculaire la reconnaissance de Q
0%
Paroles discordantes Comment le dialogue met il en évidence la complexité des relations entre les deux jeunes gens ? Camille refuse de se marier C refuse l'amitié de P refus de rester au château
0%
Fils indigne En quoi, dans ce texte, DG devient un personnage en marge ? DG tente de susciter la pitié de son père Le rejet du père des adieux tragiques
0%
Un langage à double sens En quoi P organise t il un stratagème qui joue avec les sentiments de C et R ? la vengeance de P une déclaration à double sens x
0%
Le buffet En quoi ce sonnet illustre t il l'émancipation créatrice d'Arthur Rimbaud ? première aperçu du buffet description du contenu un buffet, recueil de la mémoire familiale
0%
Remarque 74 Quel regard le portraitiste porte t il sur les contemporains ? portait moral d'hommes d'une "région" portraits physiques des habitants rapport de ces habitants à la religion
0%
Aucun quiz correspondant
Distribution des résultats
% des personnes avec chaque résultat
Percentile par nombre de réponses
Votre historique - résultats
Vous n’avez pas pris ce quiz